00197nam a2200073Ia 4500008004100000100002300041245005000064260000900114120527s9999 xx 000 0 und d aAdamu S. O. et al. aNational accounting in a developing country.  bSAAL